CRIMINAL PROSECUTION FOR DISHNOUR OF CHEQUES (Record no. 10982)

MARC details
000 -LEADER
fixed length control field 00340nam a22001457a 4500
003 - CONTROL NUMBER IDENTIFIER
control field SGT
082 ## - DEWEY DECIMAL CLASSIFICATION NUMBER
Classification number 345,DOG
100 ## - MAIN ENTRY--PERSONAL NAME
Personal name DOGRA,R.S.
245 ## - TITLE STATEMENT
Title CRIMINAL PROSECUTION FOR DISHNOUR OF CHEQUES
250 ## - EDITION STATEMENT
Edition statement 2ND
260 ## - PUBLICATION, DISTRIBUTION, ETC. (IMPRINT)
Place of publication, distribution, etc DELHI
Name of publisher, distributor, etc PAL PUBLISHIG HOUSE DELHI
Year of Publication 2008
300 ## - PAGE DESCRIPTION
No. of Pages 348
650 ## - SUBJECT ADDED ENTRY--TOPICAL TERM
Topical term or geographic name as entry element CRIMINAL PROSECUTION
942 ## - ADDED ENTRY ELEMENTS (KOHA)
Source of classification or shelving scheme Dewey Decimal Classification
Koha item type Books
Holdings
Withdrawn status Lost status Source of classification or shelving scheme Damaged status Not for loan Collection code Home library Current library Shelving location Date acquired Vendor Name Cost, normal purchase price SGTU Bill Number Full call number Accession No. (Barcode) Date last seen Bill Date Koha item type
    Dewey Decimal Classification   Not For Loan LAW SGT Science & Social Sciences Library SGT Science & Social Sciences Library Reference Book 20/02/2017 JUPITER LAW BOOK COMPANY 350.00 SGTU 1327 345,DOG FL793 20/02/2017 21/03/2015 Books